Kanye West - Top 25 najczęściej odtwarzanych piosenek - Statystyki

Ogólne statystyki
  • Ten quiz został rozwiązany 370 razy
    88 od ostatniego zresetowania
  • Średni wynik to 17 z 25
Statystyki odpowiedzi
Hint Odpowiedź % Poprawnych
Watch The Throne Ni**as In Paris
93%
Graduation Flashing Lights
90%
808s & Heartbreak Heartless
90%
MBDTF Runaway
86%
Yeezus Bound 2
84%
Graduation Stronger
84%
Graduation Homecoming
81%
VULTURES 1 CARNIVAL
78%
ye Ghost Town
76%
MBDTF POWER
76%
Graduation I Wonder
71%
ye Violent Crimes
69%
The College Dropout All Falls Down
67%
Late Registration Gold Digger
67%
MBDTF All Of The Lights
66%
Graduation Can't Tell Me Nothing
66%
The Life Of Pablo Father Stretch My Hands Pt. 1
66%
MBDTF Devil In A New Dress
59%
ye All Mine
52%
Graduation Good Life
52%
Watch The Throne No Church In The Wild
52%
The Life Of Pablo Famous
48%
Yeezus Black Skinhead
47%
Donda Praise God
45%
Singiel I Love It
26%
Nie znaleziono quizów pasujących do podanych kryteriów
Rozkład punktacji
Procent ludzi z każdym wynikiem
Percentyl według liczby udzielonych odpowiedzi
Twoja historia wyników
Nie rozwiązałeś tego quizu od ostatniego zresetowania